• 首页
  • 本馆介绍
  • 公告通知
  • 最新文献
  • 馆藏检索
  • 电子资源
  • 读者导购
  • 参考咨询
  • 我的图书馆
  • 登录
  • 详细信息显示
  • 放入我的书架
  • 预约/预借图书
  • 作者相关作品
  • 分类相关作品
  • 丛书相关作品
  • 出版社相关作品

书目信息

  • 表格格式
  • 工作单格式
  • 卡片格式
题名:
YC\T 199-2011《卷烟企业清洁生产评价准则》实施指南
    
 
作者: 冯茜 主编 ;中国 , 中国 编
分册:  
出版信息: 北京   中国质检出版社  2012
页数: 174页
开本: 26cm
丛书名: 国家烟草专卖局行业标准统一宣贯教材
单 册:
中图分类: TS4-65 , TS4
科图分类:
主题词: 烟草工业--工业企业--无污染技术--标准--中国--指南
电子资源:
ISBN: 978-7-5066-6678-7
000 01389nam 2200301 450
001 2336705852
005 20231208101159.11
010    @a978-7-5066-6678-7@dCNY38.00
100    @a20120413d2012 em y0chiy50 ea
101 0  @achi
102    @aCN@b110000
105    @aak z 000yy
200 1  @aYC\T 199-2011《卷烟企业清洁生产评价准则》实施指南@AYC\T 199-2011《juan yan qi ye qing jie sheng chan ping jia zhun ze 》shi shi zhi nan@f国家烟草专卖局科技司 ... [等] 编
210    @a北京@c中国质检出版社@c中国标准出版社@d2012
215    @a174页@c图@d26cm
225 2  @a国家烟草专卖局行业标准统一宣贯教材@Aguo jia yan cao zhuan mai ju hang ye biao zhun tong yi xuan guan jiao cai
304    @a题名页题: 国家烟草专卖局科技司, 国家烟草专卖局经济运行司, 国家烟草专卖局财务管理与监督司, 中国烟草标准化研究中心编
314    @a本书主编: 冯茜
330    @a本书共分六章, 内容包括综述、总要求、资源能源利用、废弃物控制、环境管理要求、数据采集和评价。
410  0 @12001 @a国家烟草专卖局行业标准统一宣贯教材
606 0  @a烟草工业@x工业企业@x无污染技术@x标准@y中国@j指南
690    @aTS4-65@v5
690    @aTS4@v4
701  0 @a冯茜@Afeng qian@4主编
712 01 @a中国@Azhong guo@b国家烟草专卖局@Bguo jia yan cao zhuan mai ju@b科技司@4编
712 01 @a中国@Azhong guo@b国家烟草专卖局@Bguo jia yan cao zhuan mai ju@b经济运行司@4编
801  0 @aCN@b湖北三新@c20120526
905    @aZUCC@dTS4@e5
    
    YC\T 199-2011《卷烟企业清洁生产评价准则》实施指南/国家烟草专卖局科技司 ... [等] 编.-北京:中国质检出版社:中国标准出版社,2012
    174页:图;26cm.-(国家烟草专卖局行业标准统一宣贯教材)
    
    
    ISBN 978-7-5066-6678-7:CNY38.00
    本书共分六章, 内容包括综述、总要求、资源能源利用、废弃物控制、环境管理要求、数据采集和评价。
●
相关链接 在五车中查询图书 在当当中查询图书 在豆瓣中查询图书


正题名:YC\T 199-2011《卷烟企业清洁生产评价准则》实施指南     索取号:TS4/5         预约/预借

序号 登录号 条形码 馆藏地/架位号 状态 备注
1 2001285074   2001285074   三新/湖北三新(第三批)/833/ [索取号:TS4/5] 在馆    
2 2001285075   2001285075   三新/湖北三新(第三批)/833/ [索取号:TS4/5] 在馆    
3 2001285076   2001285076   三新/湖北三新(第三批)/833/ [索取号:TS4/5] 在馆    
4 2001285077   2001285077   三新/湖北三新(第三批)/833/ [索取号:TS4/5] 在馆    
5 2001285078   2001285078   三新/湖北三新(第三批)/833/ [索取号:TS4/5] 在馆    
山东省滨州职业学院图书馆 欢迎您!
大连网信软件有限公司© 版权所有